[Event "Vancouver op"]
[Site "Vancouver"]
[Date "2015.08.22"]
[Round "1"]
[White "Seitzer, Phillip M"]
[Black "Nicoski, Aaron Michael"]
[Result "1-0"]
[WhiteElo "2191"]
[BlackElo "1833"]
[PlyCount "51"]
[EventDate "2015.08.22"]
[EventType "swiss"]
[EventRounds "5"]
[EventCountry "USA"]
[SourceTitle "EXT 2017"]
[Source "ChessBase"]
[SourceDate "2016.10.25"]
[SourceVersion "1"]
[SourceVersionDate "2016.10.25"]
[SourceQuality "1"]

1. e4 d5 2. exd5 Qxd5 3. d4 Nf6 4. Nc3 Qd6 5. Nf3 c6 6. Ne5 Bf5 7. Bc4 e6 8. 0-0 h6 9. Bb3 Be7 10. Bf4 Qd8 11. Ne2 0-0 12. Ng3 Bh7 13. c4 Nbd7 14. Qe2 Nxe5 15. Bxe5 Bd6 16. Rad1 Qe7 17. f4 Nd7 18. Ne4 Nxe5 19. fxe5 Bc7 20. Bc2 Bg6 21. Bb1 Rad8 22. Qg4 Bxe4 23. Qxe4 f5 24. exf6 Rxf6 25. Qh7+ Kf8 26. Bg6 1-0

[Event "Oregon-ch"]
[Site "Portland"]
[Date "2015.02.08"]
[Round "3"]
[White "Seitzer, Phillip M"]
[Black "Grabinsky, Aaron"]
[Result "1/2-1/2"]
[WhiteElo "2069"]
[BlackElo "2147"]
[PlyCount "98"]
[EventDate "2015.02.07"]
[EventType "tourn"]
[EventRounds "9"]
[EventCountry "USA"]
[SourceTitle "EXT 2017"]
[Source "ChessBase"]
[SourceDate "2016.10.25"]
[SourceVersion "1"]
[SourceVersionDate "2016.10.25"]
[SourceQuality "1"]

1. e4 e6 2. d4 d5 3. Nd2 a6 4. Bd3 c5 5. dxc5 Bxc5 6. Ngf3 Nc6 7. 0-0 Nb4 8. Be2 dxe4 9. Nxe4 Qxd1 10. Rxd1 Be7 11. a3 Nc6 12. Bf4 Nf6 13. Nd6+ Bxd6 14. Bxd6 Ne4 15. Ne5 Nxe5 16. Bxe5 f6 17. Rd4 Ng5 18. Bh5+ Nf7 19. Bc7 e5 20. Rb4 0-0 21. Bf3 Re8 22. Rd1 Re7 23. Bb6 Bf5 24. Bd5 Rc8 25. c4 Be6 26. Bxe6 Rxe6 27. c5 Kf8 28. Rb3 Re7 29. Rc3 Ke8 30. Rcd3 Ng5 31. b4 Ne6 32. g3 g5 33. Rd6 Kf7 34. R1d5 Nf8 35. Bd8 Re6 36. a4 Rxd6 37. Rxd6 Ne6 38. Rd7+ Ke8 39. Re7+ Kxd8 40. Rxe6 Rc6 41. Rxc6 bxc6 42. Kf1 Kd7 43. Ke2 Ke6 44. Kd3 f5 45. Kc4 f4 46. gxf4 gxf4 47. b5 cxb5+ 48. axb5 axb5+ 49. Kxb5 Kd7 1/2-1/2

[Event "Oregon-ch"]
[Site "Portland"]
[Date "2015.02.07"]
[Round "1"]
[White "Seitzer, Phillip M"]
[Black "Raptis, Nick"]
[Result "0-1"]
[WhiteElo "2069"]
[BlackElo "2327"]
[PlyCount "46"]
[EventDate "2015.02.07"]
[EventType "tourn"]
[EventRounds "9"]
[EventCountry "USA"]
[SourceTitle "EXT 2017"]
[Source "ChessBase"]
[SourceDate "2016.10.25"]
[SourceVersion "1"]
[SourceVersionDate "2016.10.25"]
[SourceQuality "1"]

1. e4 e6 2. d4 d5 3. Nd2 Nf6 4. e5 Nfd7 5. Bd3 c5 6. c3 Nc6 7. Ne2 cxd4 8. cxd4 f6 9. exf6 Nxf6 10. Nf3 Bd6 11. Bf4 Bxf4 12. Nxf4 0-0 13. 0-0 Ne4 14. g3 Qf6 15. Ne5 Nxe5 16. Bxe4 Nc6 17. Bd3 Nxd4 18. Rc1 e5 19. Nxd5 Nf3+ 20. Kg2 Bh3+ 21. Kh1 Qh6 22. Rg1 Nxh2 23. Rg2 Nf3 0-1